Rodinné právo v aplikační praxi : rozvod, děti, výživné : [smlouva o vypořádání vztahů mezi manžely pro dobu po rozvodu] /

Hlavní autor: Hrušáková, Milana, 1952-
Jazyk: Čeština
Vydáno: [Praha] : C.H. Beck, 2000
Vydání: Vyd. 1.
Edice: Edice právních rozhledů
Témata:
Externí odkaz: Digitalizovaný dokument
Fyzický popis: 41 s. ; 25 cm
Knihy
Uloženo v:
LEADER 01425nam a2200373 a 4500
001 000481944
003 CZ BrMZK
005 20080516143448.0
007 ta
008 000115s2000 xr e f cze d
015 |a cnb000965737 
020 |a 80-7179-293-4 
035 |a (OCoLC)85002040 
040 |a BOA001  |b cze 
043 |a e-xr--- 
072 7 |a 347  |x Soukromé právo  |2 Konspekt  |9 16 
080 |a 347.61/.64  |2 MRF 
080 |a (437.3)  |2 MRF 
080 |a (036)  |2 MRF 
100 1 |a Hrušáková, Milana,  |d 1952-  |7 jn20001103014  |4 aut 
245 1 0 |a Rodinné právo v aplikační praxi :  |b rozvod, děti, výživné : [smlouva o vypořádání vztahů mezi manžely pro dobu po rozvodu] /  |c Milada Hrušáková 
250 |a Vyd. 1. 
260 |a [Praha] :  |b C.H. Beck,  |c 2000 
300 |a 41 s. ;  |c 25 cm 
490 1 |a Edice právních rozhledů 
650 0 7 |a rodinné právo  |7 ph116052  |z Česko  |2 czenas 
655 7 |a informační publikace  |7 fd132454  |2 czenas 
830 0 |a Edice právních rozhledů 
856 4 1 |u http://www.digitalniknihovna.cz/mzk/uuid/uuid:c2d72100-fc62-11e3-9789-005056827e52  |y Digitalizovaný dokument  |x NDK 
910 |a BOA001  |b 3-1073.590 
990 |a BK 
991 |b 200708 
996 6 |b 2610116164  |c 3-1073.590  |l MZK  |r Sklad / do 1 hodiny  |n 39  |p p.v.  |w 000481944  |u 000010  |a 1  |e BOA001  |j MZK50  |s P 
996 7 |b 2610651429  |c 3-1073.590  |l MZK  |r Sklad / do 1 hodiny  |n 5  |p dar)  |w 000481944  |u 000020  |a 1  |e BOA001  |j MZK50  |s A